Normal view
MARC view
- Investing
Entry Topical Term
001 - CONTROL NUMBER
- control field: 1849
003 - CONTROL NUMBER IDENTIFIER
- control field: JO-AjAnu
005 - DATE AND TIME OF LATEST TRANSACTION
- control field: 20230606070615.0
008 - FIXED-LENGTH DATA ELEMENTS
- fixed length control field: 230606|| aca||aabn | a|a d
040 ## - CATALOGING SOURCE
- Original cataloging agency: JO-AjAnu
- Transcribing agency: JO-AjAnu
150 ## - HEADING--TOPICAL TERM
- Topical term or geographic name entry element: Investing
670 ## - SOURCE DATA FOUND
- Source citation: Work cat.: (JO-AjAnu)974: Day,Adrian, author 1848, Investing in Resources:HOW TO PROFIT FROM THE OUTSIZED POTENTIAL AND AVOID THE RISKS